| 000 | 00807nam a2200265 a 4500 | ||
|---|---|---|---|
| 008 | |||
| 020 | _a058205477x (pbk.) | ||
| 050 | 0 | 0 | _aTK7868 JUL |
| 100 | 1 | _aJulian, Michael | |
| 245 | 1 | 0 |
_aCircuits, signals, and devices / _cMichael Julian. |
| 260 |
_aHarlow, Essex, England : _bLongman Scientific & Technical, _c1988. |
||
| 300 |
_axii, 515 p. : _bill. ; _c24 cm. |
||
| 500 | _aSpine title: Circuits, signals & devices. | ||
| 504 | _aIncludes bibliographical references. | ||
| 500 | _aIncludes index. | ||
| 650 | 0 | _aElectronics. | |
| 650 | 0 | _aElectric engineering. | |
| 740 | 0 | _aCircuits, signals & devices. | |
| 907 |
_a.b10097521 _b23-03-07 _c27-11-03 |
||
| 003 | |||
| 005 | 20230123133514.0 | ||
| 040 | _cNUST | ||
| 049 | _aMAIN | ||
| 942 | _cBOOKS | ||
| 999 |
_c149770 _d149770 |
||